000 00484nam a2200157Ia 4500
999 _c18792
_d18792
003 OSt
005 20200616100725.0
008 190216s9999||||xx |||||||||||||| ||und||
040 _coclc
082 _a309.154
_bNEA/I
100 _aNeale, Walter C
_92941
245 0 _aIndia To Search For Unity, Democracy And Progress /
_cWalter C Neale
260 _bD Van Nostrand Company,
_aNew Jersy:
300 _a128p
942 _cBK
_2ddc
_h309.154
_iNEA/I
_k309.154
_mNEA/I